| 000 | 00519nam a22001697a 4500 | ||
|---|---|---|---|
| 003 | MACL | ||
| 005 | 20160203165946.0 | ||
| 008 | 160203b xxu||||| |||| 00| 0 eng d | ||
| 040 | _cMACL | ||
| 041 | _aHindi | ||
| 082 | _a891.433/BHO | ||
| 100 |
_aभौमिक अशोक _936759 |
||
| 245 | _aशिप्रा एक नदी का नाम है | ||
| 260 |
_aगाजियाबाद _bअंतिका प्रकाशन _c2012 |
||
| 650 |
_aउपन्यास _9100 |
||
| 942 |
_2ddc _cHIN |
||
| 999 |
_c53153 _d53153 |
||